| 000 | 03118nam0a2200397 4500 | ||
|---|---|---|---|
| 001 | RU\NLR\BIBL_A\021974959 | ||
| 005 | 20230711163413.0 | ||
| 010 |
_a978-5-9509-0534-6 _9100 |
||
| 021 |
_aRU _bКН-П-23-036673 _9КН-П-23-3633 |
||
| 035 | _a(NLR Aleph) 021974959 | ||
| 035 | _a(RuMoRGB)011835360 | ||
| 090 |
_a12376541 _c12376541 |
||
| 100 | _a20230705d2023 u y0rusy50 ca | ||
| 101 | 0 | _arus | |
| 102 | _aRU | ||
| 105 | _aa|||j|||000zy | ||
| 181 | 0 |
_ai _baxxe |
|
| 182 | 0 | _an | |
| 200 | 1 |
_aРеинжиниринг бизнес-процессов _eучебное пособие _fС. Н. Тарануха, И. К. Фомина, Т. К. Назарова [и др.] _gФедеральное агентство морского и речного транспорта, Федеральное государственное бюджетное образовательное учреждение высшего образования Государственный университет морского и речного флота имени адмирала С. О. Макарова, Институт водного транспорта, Кафедра математического моделирования и прикладной информатики |
|
| 203 |
_aТекст _bвизуальный _cнепосредственный |
||
| 210 |
_aСанкт-Петербург _cИзд-во ГУМРФ имени адмирала С. О. Макарова _d2023 |
||
| 215 |
_a103 с. _cил., табл. _d21 |
||
| 300 | _aНад вып. дан. авт.: Тарануха С. Н., Фомина И. К., кандидаты экон. наук, доценты, Назарова Т. К. [и др.] | ||
| 300 | _aАвт. указаны на обороте тит. с. в макете | ||
| 320 | _aБиблиогр.: с. 103 (8 назв.) | ||
| 606 | 1 |
_aРеинжиниринг предпринимательства _jУчебные издания для высших учебных заведений _yРоссийская Федерация _92326206 _3RU\NLR\AUTH\661391374 |
|
| 686 | 1 | _aУ9(2)-13-21(2Р)я73 | |
| 701 | 1 |
_aТарануха _bС. Н. _cканд. техн. наук _gСветлана Николаевна _9187379 _3RU\NLR\AUTH\770187430 |
|
| 701 | 1 |
_aФомина _bИ. К. _cканд. техн. наук, информатика _gИнга Константиновна _9188223 _3RU\NLR\AUTH\770188274 |
|
| 701 | 1 |
_aНазарова _bТ. К. _cпреподаватель, информатика _gТатьяна Каруловна _9210606 _3RU\NLR\AUTH\770210662 |
|
| 712 | 0 | 2 |
_4570 _aГосударственный университет морского и речного флота им. С. О. Макарова _bИнститут водного транспорта _bКафедра математического моделирования и прикладной информатики _cСанкт-Петербург _9854538 _3RU\NLR\AUTH\880594493 |
| 942 | _cBOOK | ||
| 980 | _aNB | ||